Political economy, radical economics, law and war
Saved in:
| Other Authors: | |
|---|---|
| Format: | Book |
| Language: | English |
| Published: |
North Carolina :
Eno River,
1985
|
| Subjects: | |
| Tags: |
Add Tag
No Tags, Be the first to tag this record!
|
MARC
| LEADER | 00000nam a2200000 i 4500 | ||
|---|---|---|---|
| 001 | 1/1355 | ||
| 008 | 950710s1985 eng d | ||
| 020 | |a 0-88024-220-5 | ||
| 035 | |l 10014409 | ||
| 040 | |a GR-MY-UA |b gre |e aacr | ||
| 041 | 0 | |a eng | |
| 082 | 0 | |a 327.111 | |
| 245 | 1 | 0 | |a Political economy, radical economics, law and war / |c compiled by Edward Tower |
| 260 | |a North Carolina : |b Eno River, |c 1985 | ||
| 300 | |a 204 p. | ||
| 650 | 0 | 0 | |a Economics. |
| 650 | 0 | 0 | |a Economics |x Problems, exercises, etc. |
| 700 | 1 | |a Tower, Edward. |4 com | |
| 774 | 1 | |t Economics reading lists, course outlines, exams, puzzles & problems | |
| 852 | |a INST |b LESVOS |e 19950710 |h 327.111 POL |p 005100007785 |q 005100007785 |t BK |y 620 |z v.20 | ||
| 852 | |a INST |b LESVOS |e 19950710 |h 327.111 POL |p 005100007785 |q 005100007785 |t BK |v v.20: |y 620 |z v.20 | ||
| 853 | |a INST |b LESVOS |h 327.111 POL | ||
| 909 | |a Λ |b 007433 | ||
| 922 | |a 1ΕΛΗ |b 198702 |c ΠΠ/825 |d GLORY | ||
| 970 | |z 2000/06/ΟΙΚΟΝΟΜΟΠΟΥΛΟΥ ΧΡΙΣΤΙΝΑ | ||